000 00764nas a2200265Ia 4500
001 A50/R181-40738
003 IT-MiCISF
008 161014c99999999xx |||||||||||| ||und||
040 _aIT-MiCISF
_cIT-MiCISF
041 _aITALIANO
100 _aPollo Mario
210 _aIl delfino
222 _aIl delfino
245 0 _aL'importanza sociale della scuola nonostante tutto
250 _a1a ed.
260 _c2004
501 _bCISF - Centro Internazionale Studi Famiglia - Via Giotto, 36 20145 MILANO (non commercial uses only)
_cCopyright 2016
300 _ap. 11
362 _an. 5, settembre-ottobre [2004]
500 _a Tema: scuola, valori
650 _aSCUOLA
_varticolo
700 _aAA.VV.
942 _cCR
957 _71
999 _a40738
_bSi
_g1
_c243554
_d243554